La culture fruitière & maraichère en France, (Record no. 16887)
[ view plain ]
| 000 -LEADER | |
|---|---|
| fixed length control field | 00428cam a2200157u 4500 |
| 040 ## - CATALOGING SOURCE | |
| Transcribing agency | CarP |
| 082 ## - DEWEY DECIMAL CLASSIFICATION NUMBER | |
| Classification number | 630 LIB 1917 A107 Or. |
| 100 1# - MAIN ENTRY--AUTHOR NAME | |
| Personal name | Gavoty, Raymond. [from old catalog] |
| 245 13 - TITLE STATEMENT | |
| Title | La culture fruitière & maraichère en France, |
| 260 ## - PUBLICATION, DISTRIBUTION, ETC. (IMPRINT) | |
| Place of publication | Paris |
| Name of publisher | [Lib.-imp. réunies] |
| Year of publication | 1917. |
| 300 ## - PHYSICAL DESCRIPTION | |
| Number of Pages | cover-title, 20 p. |
| Dimensions | 28 cm. |
| 650 #0 - SUBJECT ADDED ENTRY--TOPICAL TERM | |
| Topical Term | Fruit trade |
| 650 #0 - SUBJECT ADDED ENTRY--TOPICAL TERM | |
| Topical Term | Fruit-culture |
| 650 #0 - SUBJECT ADDED ENTRY--TOPICAL TERM | |
| Topical Term | Vegetables. |
| 942 ## - ADDED ENTRY ELEMENTS (KOHA) | |
| Koha item type | សៀវភៅភាសាបារាំង |
| 952 ## - LOCATION AND ITEM INFORMATION (KOHA) | |
| Withdrawn status [LOCAL, KOHA] | 0 |
| Permanent Location | Date acquired | Koha item type | Lost status | Shelving location | Barcode | Current Location | Full call number |
|---|---|---|---|---|---|---|---|
| Library Block A | 2018-06-26 | សៀវភៅភាសាបារាំង | A107 | A20347 | Library Block A | 630 LIB 1917 A107 Or. |